[Event "Deutsche Ländermeisterschaft 2019"]
[Site "Würzburg GER"]
[Date "2019.10.04"]
[Round "4"]
[White "Pavlov, Liliane"]
[Black "Wang, Xinyuan"]
[Result "1-0"]
[Termination "normal"]
[Board "6.6"]
[WhiteElo "1629"]
[BlackElo "1674"]
[WhiteClock "00:18:32"]
[BlackClock "00:31:29"]
[WhiteTeam "Team Süd"]
[BlackTeam "Baden 1"]
[PlyCount "95"]
[WhiteFideId "16225449"]
[BlackFideId "16221494"]
[EventCountry "GER"]
[EventRounds "7"]
[EventType "team-swiss"]
[EventDate "2019.10.01"]

1. d4 {[%clk 1:30:58]} Nf6 {[%clk 1:30:53]} 2. c4 {[%clk 1:31:23]} e6 {[%clk
1:31:14]} 3. Nf3 {[%clk 1:31:38]} d5 {[%clk 1:31:31]} 4. g3 {[%clk 1:31:48]} c6
{[%clk 1:30:08]} 5. Bg2 {[%clk 1:31:18]} Bd6 {[%clk 1:29:28]} 6. c5 {[%clk
1:30:26]} Bc7 {[%clk 1:29:49]} 7. O-O {[%clk 1:30:29]} Nbd7 {[%clk 1:29:55]} 8.
Nc3 {[%clk 1:29:58]} b6 {[%clk 1:28:20]} 9. b4 {[%clk 1:29:31]} a5 {[%clk
1:28:07]} 10. cxb6 {[%clk 1:28:31]} Bxb6 {[%clk 1:27:33]} 11. b5 {[%clk
1:27:57]} c5 {[%clk 1:25:33]} 12. dxc5 {[%clk 1:25:20]} Bxc5 {[%clk 1:25:19]}
13. Na4 {[%clk 1:24:02]} Bd6 {[%clk 1:24:15]} 14. h3 {[%clk 1:22:45]} O-O
{[%clk 1:24:01]} 15. Be3 {[%clk 1:21:53]} Rb8 {[%clk 1:23:09]} 16. Rb1 {[%clk
1:21:26]} e5 {[%clk 1:22:36]} 17. Ba7 {[%clk 1:19:40]} Ra8 {[%clk 1:21:40]} 18.
b6 {[%clk 1:18:18]} Bb7 {[%clk 1:21:59]} 19. Qb3 {[%clk 1:15:06]} Re8 {[%clk
1:18:13]} 20. Rfc1 {[%clk 1:12:12]} Qe7 {[%clk 1:05:26]} 21. Qb5 {[%clk
1:09:48]} e4 {[%clk 1:02:05]} 22. Nd4 {[%clk 1:07:39]} e3 {[%clk 1:00:50]} 23.
f4 {[%clk 1:03:02]} Rec8 {[%clk 0:56:07]} 24. Nf5 {[%clk 1:00:13]} Qe6 {[%clk
0:56:24]} 25. Nxd6 {[%clk 0:59:40]} Qxd6 {[%clk 0:56:41]} 26. Qxa5 {[%clk
0:58:50]} Nh5 {[%clk 0:56:05]} 27. Rc7 {[%clk 0:41:06]} Qg6 {[%clk 0:51:19]}
28. Qe1 {[%clk 0:35:51]} Rxc7 {[%clk 0:49:11]} 29. bxc7 {[%clk 0:35:19]} Bc8
{[%clk 0:46:53]} 30. Nb6 {[%clk 0:33:01]} Nxb6 {[%clk 0:42:37]} 31. Rxb6 {[%clk
0:29:41]} Qf5 {[%clk 0:41:58]} 32. Rd6 {[%clk 0:25:34]} Bd7 {[%clk 0:39:27]}
33. Rxd5 {[%clk 0:22:23]} Qe6 {[%clk 0:39:03]} 34. Re5 {[%clk 0:22:08]} Rxa7
{[%clk 0:38:15]} 35. Rxe6 {[%clk 0:22:25]} fxe6 {[%clk 0:37:45]} 36. Qc3 {[%clk
0:18:44]} Bc8 {[%clk 0:30:38]} 37. Qc5 {[%clk 0:16:56]} Rxa2 {[%clk 0:30:04]}
38. Qxh5 {[%clk 0:17:13]} g6 {[%clk 0:29:55]} 39. Qb5 {[%clk 0:17:01]} e5
{[%clk 0:29:08]} 40. Bd5+ {[%clk 0:17:10]} Kg7 {[%clk 0:29:27]} 41. Bxa2 {[%clk
0:17:27]} exf4 {[%clk 0:29:51]} 42. Qe5+ {[%clk 0:17:39]} Kh6 {[%clk 0:29:59]}
43. Qxf4+ {[%clk 0:17:47]} Kg7 {[%clk 0:30:22]} 44. Qf7+ {[%clk 0:18:04]} Kh6
{[%clk 0:30:46]} 45. Qf8+ {[%clk 0:18:13]} Kh5 {[%clk 0:30:53]} 46. Qxc8 {[%clk
0:18:11]} g5 {[%clk 0:31:03]} 47. Bf7+ {[%clk 0:18:08]} Kh6 {[%clk 0:31:29]}
48. Qf8# {[%clk 0:18:32]} 1-0

[Event "Deutsche Ländermeisterschaft 2019"]
[Site "Würzburg GER"]
[Date "2019.10.04"]
[Round "4"]
[White "Bakó, Isabella"]
[Black "Visvikis, Kassandra"]
[Result "0-1"]
[Termination "normal"]
[Board "6.8"]
[WhiteElo "1266"]
[BlackElo "1531"]
[WhiteClock "00:45:51"]
[BlackClock "00:15:23"]
[WhiteTeam "Team Süd"]
[BlackTeam "Baden 1"]
[PlyCount "126"]
[WhiteFideId "16287266"]
[BlackFideId "36052167"]
[EventCountry "GER"]
[EventRounds "7"]
[EventType "team-swiss"]
[EventDate "2019.10.01"]

1. e4 {[%clk 1:30:57]} e5 {[%clk 1:30:56]} 2. Nf3 {[%clk 1:31:15]} Nc6 {[%clk
1:31:23]} 3. Bb5 {[%clk 1:31:34]} a6 {[%clk 1:31:45]} 4. Ba4 {[%clk 1:31:56]}
Nf6 {[%clk 1:32:07]} 5. O-O {[%clk 1:31:56]} b5 {[%clk 1:32:33]} 6. Bb3 {[%clk
1:31:47]} Be7 {[%clk 1:32:55]} 7. Re1 {[%clk 1:31:50]} d6 {[%clk 1:33:03]} 8.
c3 {[%clk 1:31:41]} Bb7 {[%clk 1:33:18]} 9. d4 {[%clk 1:31:29]} Nb8 {[%clk
1:33:10]} 10. Nbd2 {[%clk 1:30:39]} Nbd7 {[%clk 1:33:20]} 11. Bc2 {[%clk
1:28:40]} O-O {[%clk 1:30:55]} 12. Nf1 {[%clk 1:28:36]} Re8 {[%clk 1:30:54]}
13. Ng3 {[%clk 1:28:12]} Bf8 {[%clk 1:30:02]} 14. d5 {[%clk 1:24:37]} c6 {[%clk
1:28:20]} 15. dxc6 {[%clk 1:22:57]} Bxc6 {[%clk 1:28:45]} 16. Nf5 {[%clk
1:22:39]} Nc5 {[%clk 1:25:34]} 17. Nd2 {[%clk 1:18:48]} g6 {[%clk 1:06:24]} 18.
Ng3 {[%clk 1:17:58]} Qc7 {[%clk 0:52:00]} 19. Nf3 {[%clk 1:17:11]} h6 {[%clk
0:48:58]} 20. b4 {[%clk 1:14:19]} Ne6 {[%clk 0:47:08]} 21. Be3 {[%clk 1:13:30]}
Rad8 {[%clk 0:44:44]} 22. Qd2 {[%clk 1:11:21]} Kh7 {[%clk 0:43:43]} 23. h3
{[%clk 1:11:07]} d5 {[%clk 0:41:47]} 24. exd5 {[%clk 1:09:51]} Nxd5 {[%clk
0:41:30]} 25. Qc1 {[%clk 1:07:54]} f5 {[%clk 0:32:05]} 26. Bd2 {[%clk 1:05:35]}
Nef4 {[%clk 0:28:01]} 27. Ne2 {[%clk 1:02:03]} Bb7 {[%clk 0:18:27]} 28. Nxf4
{[%clk 1:00:44]} Nxf4 {[%clk 0:17:30]} 29. Bxf4 {[%clk 0:59:35]} exf4 {[%clk
0:17:57]} 30. Rxe8 {[%clk 0:59:28]} Rxe8 {[%clk 0:18:24]} 31. Qd2 {[%clk
0:57:12]} Bg7 {[%clk 0:15:11]} 32. Re1 {[%clk 0:56:15]} Rxe1+ {[%clk 0:14:42]}
33. Qxe1 {[%clk 0:53:27]} Qxc3 {[%clk 0:14:56]} 34. Qxc3 {[%clk 0:52:27]} Bxc3
{[%clk 0:15:24]} 35. Kf1 {[%clk 0:49:48]} Bxb4 {[%clk 0:15:38]} 36. Ne5 {[%clk
0:48:13]} Kg7 {[%clk 0:10:23]} 37. Nd3 {[%clk 0:45:58]} Bd6 {[%clk 0:10:40]}
38. f3 {[%clk 0:45:56]} Bd5 {[%clk 0:09:57]} 39. Bb3 {[%clk 0:45:12]} Bxb3
{[%clk 0:09:59]} 40. axb3 {[%clk 0:45:29]} a5 {[%clk 0:10:15]} 41. Ke2 {[%clk
0:45:33]} Kf6 {[%clk 0:08:30]} 42. Kd2 {[%clk 0:45:40]} g5 {[%clk 0:08:36]} 43.
Kc3 {[%clk 0:44:58]} Be5+ {[%clk 0:08:46]} 44. Nxe5 {[%clk 0:44:56]} Kxe5
{[%clk 0:09:14]} 45. b4 {[%clk 0:44:56]} axb4+ {[%clk 0:09:17]} 46. Kb3 {[%clk
0:45:14]} Kd4 {[%clk 0:09:36]} 47. Kb2 {[%clk 0:45:25]} Ke3 {[%clk 0:09:58]}
48. Kb3 {[%clk 0:45:39]} Kf2 {[%clk 0:10:25]} 49. Kxb4 {[%clk 0:45:59]} Kxg2
{[%clk 0:10:51]} 50. Kxb5 {[%clk 0:45:58]} Kxf3 {[%clk 0:11:17]} 51. Kc4 {[%clk
0:46:18]} Ke2 {[%clk 0:11:27]} 52. Kd4 {[%clk 0:46:05]} f3 {[%clk 0:11:54]} 53.
Ke5 {[%clk 0:45:43]} f2 {[%clk 0:12:21]} 54. Kxf5 {[%clk 0:45:55]} f1=Q+ {[%clk
0:12:46]} 55. Kg4 {[%clk 0:46:01]} Qf4+ {[%clk 0:13:00]} 56. Kh5 {[%clk
0:46:13]} Qh4+ {[%clk 0:13:06]} 57. Kg6 {[%clk 0:46:08]} g4 {[%clk 0:12:58]}
58. hxg4 {[%clk 0:45:43]} Qxg4+ {[%clk 0:13:25]} 59. Kh7 {[%clk 0:45:51]} h5
{[%clk 0:13:43]} 60. Kh6 {[%clk 0:45:49]} h4 {[%clk 0:14:09]} 61. Kh7 {[%clk
0:46:05]} h3 {[%clk 0:14:33]} 62. Kh8 {[%clk 0:45:32]} h2 {[%clk 0:14:58]} 63.
Kh7 {[%clk 0:45:51]} h1=R# {[%clk 0:15:23]} 0-1

[Event "Deutsche Ländermeisterschaft 2019"]
[Site "Würzburg GER"]
[Date "2019.10.04"]
[Round "4"]
[White "Kölle, Tobias"]
[Black "Lange, Jannis"]
[Result "1/2-1/2"]
[Termination "normal"]
[Board "8.2"]
[WhiteElo "2275"]
[BlackElo "2080"]
[WhiteClock "00:23:45"]
[BlackClock "00:02:22"]
[WhiteTeam "Württemberg"]
[BlackTeam "Mecklenburg-Vorpommern"]
[PlyCount "84"]
[WhiteFideId "16207378"]
[BlackFideId "12993107"]
[EventCountry "GER"]
[EventRounds "7"]
[EventType "team-swiss"]
[EventDate "2019.10.01"]

1. d4 {[%clk 1:30:54]} Nf6 {[%clk 1:30:55]} 2. c4 {[%clk 1:31:20]} g6 {[%clk
1:31:19]} 3. Nc3 {[%clk 1:31:08]} d5 {[%clk 1:31:40]} 4. cxd5 {[%clk 1:31:17]}
Nxd5 {[%clk 1:31:59]} 5. e4 {[%clk 1:31:41]} Nxc3 {[%clk 1:32:22]} 6. bxc3
{[%clk 1:32:09]} Bg7 {[%clk 1:32:41]} 7. Qa4+ {[%clk 1:32:34]} Nd7 {[%clk
1:24:58]} 8. Nf3 {[%clk 1:32:57]} a6 {[%clk 1:24:07]} 9. Be2 {[%clk 1:32:57]}
O-O {[%clk 1:21:54]} 10. O-O {[%clk 1:33:17]} b5 {[%clk 1:20:53]} 11. Qc2
{[%clk 1:31:36]} c5 {[%clk 1:13:30]} 12. d5 {[%clk 1:31:09]} Nb6 {[%clk
1:07:27]} 13. Rb1 {[%clk 1:27:44]} Na4 {[%clk 0:53:35]} 14. Bd2 {[%clk
1:26:23]} Qa5 {[%clk 0:47:40]} 15. Rfc1 {[%clk 1:24:02]} Bg4 {[%clk 0:47:16]}
16. h3 {[%clk 1:12:12]} Bxf3 {[%clk 0:46:30]} 17. Bxf3 {[%clk 1:12:39]} c4
{[%clk 0:46:49]} 18. g3 {[%clk 1:07:15]} e6 {[%clk 0:34:03]} 19. h4 {[%clk
1:03:40]} exd5 {[%clk 0:29:48]} 20. exd5 {[%clk 1:03:52]} Rad8 {[%clk 0:29:38]}
21. h5 {[%clk 1:03:06]} Nb6 {[%clk 0:27:34]} 22. Bg5 {[%clk 0:59:56]} Rd7
{[%clk 0:24:11]} 23. d6 {[%clk 0:59:15]} Na4 {[%clk 0:23:32]} 24. Be7 {[%clk
0:58:40]} Nxc3 {[%clk 0:19:36]} 25. Bxf8 {[%clk 0:58:53]} Kxf8 {[%clk 0:19:37]}
26. h6 {[%clk 0:59:17]} Be5 {[%clk 0:17:32]} 27. Re1 {[%clk 0:55:45]} f6 {[%clk
0:11:05]} 28. Rbc1 {[%clk 0:49:25]} b4 {[%clk 0:10:21]} 29. Be4 {[%clk
0:48:16]} Kf7 {[%clk 0:08:23]} 30. Qd2 {[%clk 0:42:36]} Rxd6 {[%clk 0:06:45]}
31. Qe3 {[%clk 0:42:57]} Qb6 {[%clk 0:06:49]} 32. Qf3 {[%clk 0:40:38]} Rd2
{[%clk 0:04:46]} 33. Re3 {[%clk 0:36:36]} Bd4 {[%clk 0:02:51]} 34. Bd5+ {[%clk
0:28:57]} Kf8 {[%clk 0:02:10]} 35. Be6 {[%clk 0:29:26]} Rxf2 {[%clk 0:01:12]}
36. Kxf2 {[%clk 0:28:01]} Qxe6 {[%clk 0:01:13]} 37. Qa8+ {[%clk 0:28:11]} Ke7
{[%clk 0:01:09]} 38. Qb7+ {[%clk 0:26:26]} Kd8 {[%clk 0:01:37]} 39. Qb8+ {[%clk
0:24:35]} Kd7 {[%clk 0:01:54]} 40. Qb7+ {[%clk 0:24:17]} Kd8 {[%clk 0:02:19]}
41. Qb8+ {[%clk 0:24:21]} Kd7 {[%clk 0:02:22]} 42. Qb7+ {[%clk 0:23:45]} Ke7
1/2-1/2

[Event "Deutsche Ländermeisterschaft 2019"]
[Site "Würzburg GER"]
[Date "2019.10.04"]
[Round "4"]
[White "Bakó, Evelin"]
[Black "Sens, Gerda"]
[Result "1-0"]
[Termination "normal"]
[Board "8.8"]
[WhiteElo "1209"]
[BlackElo "1291"]
[WhiteTeam "Württemberg"]
[BlackTeam "Mecklenburg-Vorpommern"]
[PlyCount "117"]
[WhiteFideId "16271823"]
[BlackFideId "16287029"]
[EventCountry "GER"]
[EventRounds "7"]
[EventType "team-swiss"]
[EventDate "2019.10.01"]

1. e4 e5 2. Nf3 Nc6 3. Bb5 a6 4. Ba4 Nf6 5. d3 Bc5 6. c3 d6 7. O-O b5 8. Bb3
O-O 9. d4 Ba7 10. Re1 h6 11. d5 Ne7 12. Nbd2 Bb7 13. h3 Qd7 14. Nf1 c6 15. dxc6
Bxc6 16. Ng3 Rfe8 17. Qe2 Rab8 18. Rd1 Qb7 19. Rxd6 Nxe4 20. Nxe4 Bxe4 21. Nxe5
Nf5 22. Bxf7+ Kf8 23. Bxe8 Nxd6 24. Nd7+ Kxe8 25. Nxb8 Bxb8 26. f3 Ba7+ 27. Kh1
Kf8 28. fxe4 Nxe4 29. Bf4 Nf2+ 30. Kh2 Qf7 31. Bd6+ Kg8 32. Qe7 Qxe7 33. Bxe7
Bb8+ 34. g3 Ne4 35. Bh4 g5 36. Rd1 Bc7 37. Rd7 Bd6 38. Rd8+ Kf7 39. Bxg5 hxg5
40. Rd7+ Kf6 41. Kg2 Bxg3 42. Kf3 Nc5 43. Rd5 Bf2 44. Kxf2 Ne4+ 45. Kf3 g4+ 46.
Kxe4 gxh3 47. Rh5 Ke6 48. Rxh3 Kd6 49. Rh6+ Kc5 50. Rxa6 b4 51. Ra5+ Kc4 52.
Ra4 Kb5 53. Rxb4+ Kc5 54. Rd4 Kb5 55. Kd5 Ka5 56. Rb4 Ka6 57. b3 Ka5 58. Kc6
Ka6 59. Ra4# 1-0

[Event "Deutsche Ländermeisterschaft 2019"]
[Site "Würzburg GER"]
[Date "2019.10.04"]
[Round "4"]
[White "Heldt, Nils-Lennart"]
[Black "Färber, David"]
[Result "0-1"]
[Termination "normal"]
[Board "9.1"]
[WhiteElo "2131"]
[BlackElo "2332"]
[WhiteTeam "SG Bremen / Niedersachsen"]
[BlackTeam "Baden 2"]
[PlyCount "70"]
[WhiteFideId "12952109"]
[BlackFideId "12971294"]
[EventCountry "GER"]
[EventRounds "7"]
[EventType "team-swiss"]
[EventDate "2019.10.01"]

1. d4 Nf6 2. c4 c5 3. d5 b5 4. cxb5 a6 5. bxa6 g6 6. Nc3 Bg7 7. e4 O-O 8. Bd3
Qa5 9. Nge2 Bxa6 10. O-O d6 11. h3 Nbd7 12. Bxa6 Qxa6 13. Qc2 Rfb8 14. b3 Ne5
15. Rd1 Ne8 16. Bb2 Nc7 17. Na4 Rb4 18. f4 Nc4 19. Bxg7 Ne3 20. Qb2 Nxd1 21.
Rxd1 f6 22. Bxf6 exf6 23. Nac3 Re8 24. h4 Kf7 25. Qd2 Nb5 26. Qd3 Qb6 27. Qh3
Nxc3 28. Nxc3 Qd8 29. h5 Kg7 30. Kf2 Rd4 31. Rh1 g5 32. h6+ Kh8 33. Qh5 Rf8 34.
Qf3 f5 35. exf5 Rxf4 0-1

[Event "Deutsche Ländermeisterschaft 2019"]
[Site "Würzburg GER"]
[Date "2019.10.04"]
[Round "4"]
[White "Riehle, Marco"]
[Black "Pahl, Erik"]
[Result "1-0"]
[Termination "normal"]
[Board "9.2"]
[WhiteTitle "FM"]
[WhiteElo "2309"]
[BlackElo "2027"]
[WhiteTeam "Baden 2"]
[BlackTeam "SG Bremen / Niedersachsen"]
[PlyCount "107"]
[WhiteFideId "12904392"]
[BlackFideId "16201272"]
[EventCountry "GER"]
[EventRounds "7"]
[EventType "team-swiss"]
[EventDate "2019.10.01"]

1. e4 e5 2. Nf3 Nc6 3. Bc4 Bc5 4. c3 Nf6 5. d4 exd4 6. cxd4 Bb4+ 7. Nbd2 d5 8.
exd5 Nxd5 9. O-O O-O 10. a3 Be7 11. Re1 h6 12. b4 Nb6 13. Ba2 Bf6 14. Nb3 Be6
15. Be3 Bd5 16. Nc5 Rb8 17. b5 Ne7 18. Ne5 Bxa2 19. Rxa2 Qd5 20. Rae2 Rfd8 21.
Ng4 Nf5 22. Nxf6+ gxf6 23. h3 Nc4 24. a4 c6 25. Bf4 Ncd6 26. Ne4 Kg7 27. Ng3
Nxg3 28. Bxg3 Rbc8 29. Re7 cxb5 30. Bxd6 Qxd6 31. Qg4+ Kf8 32. Rxb7 Re8 33. Rd1
Rc7 34. Rxc7 Qxc7 35. axb5 Qa5 36. Qf4 Kg7 37. Rd3 Re1+ 38. Kh2 Qxb5 39. Rg3+
Kf8 40. Qd6+ Re7 41. Qxf6 Re6 42. Qh8+ Ke7 43. Qa8 a5 44. d5 Re5 45. f4 Rxd5
46. Re3+ Kd6 47. Qf8+ Kc6 48. Qxf7 a4 49. Qe7 Qc5 50. Qe8+ Kb6 51. Qb8+ Ka5 52.
Re4 a3 53. Qa8+ Kb6 54. Ra4 1-0

[Event "Deutsche Ländermeisterschaft 2019"]
[Site "Würzburg GER"]
[Date "2019.10.04"]
[Round "4"]
[White "Pahl, Theis"]
[Black "Wu, Leon"]
[Result "1-0"]
[Termination "normal"]
[Board "9.3"]
[WhiteElo "1984"]
[BlackElo "2009"]
[WhiteTeam "SG Bremen / Niedersachsen"]
[BlackTeam "Baden 2"]
[PlyCount "73"]
[WhiteFideId "16201264"]
[BlackFideId "12977438"]
[EventCountry "GER"]
[EventRounds "7"]
[EventType "team-swiss"]
[EventDate "2019.10.01"]

1. e4 c5 2. Nf3 d6 3. d4 cxd4 4. Nxd4 Nf6 5. Nc3 a6 6. Bg5 Nbd7 7. Qe2 e6 8.
O-O-O b5 9. Nd5 Bb7 10. Nxf6+ gxf6 11. Bh4 Qc7 12. Kb1 O-O-O 13. Qe3 Kb8 14.
Bd3 Be7 15. f4 Nc5 16. Rhe1 Rd7 17. Qh3 Rc8 18. Bf2 e5 19. Nf5 Nxe4 20. Rxe4
Bxe4 21. Bxe4 d5 22. Ne3 d4 23. Nf5 Bc5 24. Qf3 Qb6 25. Bg3 Qc7 26. Nh6 Re7 27.
Ng4 Qd6 28. Bh4 Ka7 29. Bxf6 Ree8 30. Bxe5 Qb6 31. Nf6 Red8 32. Nd5 Qa5 33. Bf5
Rc6 34. Nb4 Bxb4 35. Qxc6 Qb6 36. Bxd4 Bc5 37. Qxb6+ 1-0

[Event "Deutsche Ländermeisterschaft 2019"]
[Site "Würzburg GER"]
[Date "2019.10.04"]
[Round "4"]
[White "Hecht, Jonas Christian"]
[Black "Möller, Hannah"]
[Result "1/2-1/2"]
[Termination "normal"]
[Board "9.4"]
[WhiteElo "1775"]
[BlackElo "1859"]
[WhiteTeam "Baden 2"]
[BlackTeam "SG Bremen / Niedersachsen"]
[PlyCount "163"]
[WhiteFideId "16214846"]
[BlackFideId "1270514"]
[EventCountry "GER"]
[EventRounds "7"]
[EventType "team-swiss"]
[EventDate "2019.10.01"]

1. e4 g6 2. d4 Bg7 3. Nc3 d6 4. Be3 c6 5. f3 b5 6. Qd2 a5 7. g4 a4 8. a3 Qa5 9.
h4 h5 10. gxh5 Rxh5 11. Nge2 Nf6 12. Ng3 Rh8 13. Be2 Na6 14. Kf2 Nc7 15. Rag1
Bb7 16. h5 gxh5 17. Nf5 Bf8 18. Bg5 O-O-O 19. Bxf6 exf6 20. Qf4 Ne8 21. d5 Qb6+
22. Kf1 Qc5 23. dxc6 Bxc6 24. Ne3 Bh6 25. Qf5+ Qxf5 26. Nxf5 Nc7 27. Rxh5 Bc1
28. Rxh8 Rxh8 29. Nxd6+ Kd7 30. Ndxb5 Bxb2 31. Nxa4 Nxb5 32. Nxb2 Nxa3 33. Bd3
Rc8 34. Rg2 Bb5 35. Rd2 Ke6 36. Kf2 Bxd3 37. cxd3 f5 38. f4 fxe4 39. dxe4 Rc2
40. Rxc2 Nxc2 41. Nd3 Nd4 42. Nb4 Nb5 43. Ke3 Nd6 44. Na6 Nb5 45. Nc5+ Kd6 46.
Nb3 Ke7 47. Nd4 Nc7 48. Kf3 Kf6 49. Kg4 Kg6 50. Nc6 f6 51. Ne7+ Kf7 52. Nd5 Ne6
53. f5 Nc5 54. Kf4 Nd7 55. Ke3 Ne5 56. Kd4 Nf3+ 57. Kc5 Ng5 58. Nc3 Ke7 59. Kc6
Kf7 60. Kd6 Nf3 61. Na4 Ng5 62. Nc5 Nf3 63. Kd7 Ne5+ 64. Kd8 Nf3 65. Nb7 Ne5
66. Nd6+ Kf8 67. Nb7 Kf7 68. Na5 Nd3 69. Nc4 Nc5 70. Nd6+ Kf8 71. Kc7 Ke7 72.
Kc6 Nd3 73. Nc8+ Kd8 74. Nb6 Nf2 75. Kd5 Ke7 76. Nc8+ Kd7 77. e5 fxe5 78. f6
Ng4 79. f7 Nf6+ 80. Kxe5 Nh7 81. Kf5 Kxc8 82. f8=Q+ 1/2-1/2

[Event "Deutsche Ländermeisterschaft 2019"]
[Site "Würzburg GER"]
[Date "2019.10.04"]
[Round "4"]
[White "Sinnhöfer, Joshua"]
[Black "Amato, Cristiano"]
[Result "1/2-1/2"]
[Termination "normal"]
[Board "9.5"]
[WhiteElo "1606"]
[BlackElo "1746"]
[WhiteTeam "SG Bremen / Niedersachsen"]
[BlackTeam "Baden 2"]
[PlyCount "61"]
[WhiteFideId "16201361"]
[BlackFideId "12998460"]
[EventCountry "GER"]
[EventRounds "7"]
[EventType "team-swiss"]
[EventDate "2019.10.01"]

1. e4 c5 2. Nf3 e6 3. d4 cxd4 4. Nxd4 Nf6 5. Nc3 Nc6 6. Ndb5 Bb4 7. a3 Bxc3+ 8.
Nxc3 d5 9. exd5 exd5 10. Bd3 O-O 11. O-O d4 12. Ne2 Re8 13. Bg5 h6 14. Bh4 Bg4
15. f3 Be6 16. Bf2 a6 17. Kh1 Kh8 18. Qd2 Qd7 19. Rad1 Rad8 20. Bh4 g5 21. Bxg5
hxg5 22. Qxg5 Nh7 23. Bxh7 Kxh7 24. Rxd4 Nxd4 25. Qh4+ Kg8 26. Qg5+ Kf8 27.
Qh6+ Ke7 28. Qg5+ Kf8 29. Qh6+ Ke7 30. Qg5+ Kf8 31. Qh6+ 1/2-1/2

[Event "Deutsche Ländermeisterschaft 2019"]
[Site "Würzburg GER"]
[Date "2019.10.04"]
[Round "4"]
[White "Färber, Sophie"]
[Black "Sinnhöfer, Lilian"]
[Result "1/2-1/2"]
[Termination "normal"]
[Board "9.6"]
[WhiteElo "1414"]
[BlackElo "1442"]
[WhiteTeam "Baden 2"]
[BlackTeam "SG Bremen / Niedersachsen"]
[PlyCount "156"]
[WhiteFideId "16239121"]
[BlackFideId "12977586"]
[EventCountry "GER"]
[EventRounds "7"]
[EventType "team-swiss"]
[EventDate "2019.10.01"]

1. e4 e5 2. Nc3 Nc6 3. Bc4 Bc5 4. Qg4 g6 5. Qf3 Nf6 6. Nd5 Nxd5 7. Bxd5 f6 8.
c3 d6 9. b4 Bb6 10. d3 Ne7 11. Bb3 h5 12. h3 f5 13. Bg5 Rf8 14. Bh6 Rh8 15. Bg7
Rh7 16. Bf6 Qd7 17. O-O-O Qc6 18. Kb2 d5 19. Bxe7 dxe4 20. dxe4 Kxe7 21. Qd3
Bd7 22. Bd5 Qd6 23. Nf3 c6 24. Bc4 Qxd3 25. Bxd3 fxe4 26. Bxe4 Kf6 27. Bxg6
Kxg6 28. Nxe5+ Kh6 29. Nxd7 Bxf2 30. Rhf1 Bh4 31. Nf8 Re7 32. Rd6+ Kg7 33. Rg6+
Kh8 34. Rh6+ Kg8 35. Ne6 Rf7 36. Rg6+ Kh7 37. Rxf7+ Kxg6 38. Rf4 Bf6 39. Rf3
Re8 40. Nf4+ Kg5 41. Nxh5 Bxc3+ 42. Rxc3 Kxh5 43. a3 Kh4 44. Kb3 Re2 45. Rc2
Re3+ 46. Rc3 Re2 47. Rc2 Re3+ 48. Kb2 Kh5 49. Rc5+ Kh4 50. Rc4+ Kh5 51. a4 Re2+
52. Rc2 Re4 53. Kb3 Re3+ 54. Rc3 Re2 55. g3 Rh2 56. Rc5+ Kh6 57. h4 Rg2 58. Rg5
Re2 59. Rc5 Re3+ 60. Rc3 Re4 61. b5 cxb5 62. axb5 Kh5 63. Rc5+ Kh6 64. Rc7 Re3+
65. Ka4 b6 66. Rxa7 Rxg3 67. Rc7 Rg4+ 68. Kb3 Rxh4 69. Rc6+ Kg7 70. Rxb6 Kf7
71. Rc6 Ke7 72. b6 Kd7 73. Rc7+ Kd6 74. Rg7 Kc6 75. b7 Rh8 76. Ka4 Rb8 77. Ka5
Rxb7 78. Rxb7 Kxb7 1/2-1/2

[Event "Deutsche Ländermeisterschaft 2019"]
[Site "Würzburg GER"]
[Date "2019.10.04"]
[Round "4"]
[White "Fröhlich, Niklas"]
[Black "Henninger, Claire"]
[Result "0-1"]
[Termination "normal"]
[Board "9.7"]
[WhiteElo "1228"]
[BlackElo "1471"]
[WhiteTeam "SG Bremen / Niedersachsen"]
[BlackTeam "Baden 2"]
[PlyCount "74"]
[WhiteFideId "16245016"]
[BlackFideId "16200659"]
[EventCountry "GER"]
[EventRounds "7"]
[EventType "team-swiss"]
[EventDate "2019.10.01"]

1. e4 c6 2. Nf3 d5 3. Nc3 Bg4 4. h3 Bh5 5. g4 dxe4 6. Nxe4 Bg6 7. Ng3 h6 8. Ne5
Bh7 9. Bc4 e6 10. d4 Bd6 11. Bf4 g5 12. Qe2 f6 13. Nf7 Bb4+ 14. c3 Qe7 15. Nxh8
gxf4 16. Qxe6 fxg3 17. Qxe7+ Bxe7 18. fxg3 Kf8 19. h4 Kg7 20. Nf7 Bg6 21. Nxh6
Nxh6 22. Be6 Na6 23. O-O Nc7 24. Rae1 Nxe6 25. Rxe6 Kf7 26. Rfe1 Ng8 27. h5 Bh7
28. h6 Rd8 29. Kh2 Rd6 30. R6e3 Rd7 31. Kg2 Kg6 32. Re6 Kxh6 33. R1e5 Kg7 34.
Rh5 Bg6 35. Rh1 Bf7 36. Re2 Bd5+ 37. Kh2 Bxh1 0-1

[Event "Deutsche Ländermeisterschaft 2019"]
[Site "Würzburg GER"]
[Date "2019.10.04"]
[Round "4"]
[White "Haug, Mara"]
[Black "Vianden, Ella"]
[Result "1/2-1/2"]
[Termination "normal"]
[Board "9.8"]
[WhiteElo "1508"]
[BlackElo "1306"]
[WhiteTeam "Baden 2"]
[BlackTeam "SG Bremen / Niedersachsen"]
[PlyCount "103"]
[WhiteFideId "16259300"]
[BlackFideId "16235592"]
[EventCountry "GER"]
[EventRounds "7"]
[EventType "team-swiss"]
[EventDate "2019.10.01"]

1. e4 e5 2. Nf3 Nc6 3. Bc4 Nf6 4. d4 exd4 5. O-O Be7 6. e5 Ne4 7. Re1 d5 8.
exd6 Nxd6 9. Bb3 O-O 10. Nxd4 Nxd4 11. Qxd4 Re8 12. Nc3 Bf6 13. Qd2 Bf5 14. Kf1
Qd7 15. Ba4 Bxc3 16. Rxe8+ Qxe8 17. Bxe8 Bxd2 18. Bxf7+ Nxf7 19. Bxd2 Bxc2 20.
Re1 h6 21. Re7 Rd8 22. Bc3 Kf8 23. Bb4 a5 24. Ba3 Kg8 25. Rxc7 Bd3+ 26. Ke1 Ba6
27. Rc5 a4 28. Ra5 Rd4 29. f3 Ng5 30. Kf2 Ne6 31. Ke3 Rc4 32. Re5 Ng5 33. Kd2
Rc6 34. Rf5 Rf6 35. Ra5 Bc4 36. Be7 Rg6 37. Rxa4 Ba6 38. Ba3 Kf7 39. f4 Nh7 40.
g3 Nf8 41. Re4 Re6 42. Rxe6 Nxe6 43. Bd6 Kf6 44. g4 Bc4 45. Be5+ Kf7 46. a3 Bd5
47. Ke3 b6 48. b4 b5 49. h4 g6 50. g5 hxg5 51. hxg5 Bc6 52. Bd6 1/2-1/2

[Event "Deutsche Ländermeisterschaft 2019"]
[Site "Würzburg GER"]
[Date "2019.10.04"]
[Round "4"]
[White "Tiarks, Jann-Christian"]
[Black "Jeschke, Jan"]
[Result "1-0"]
[Termination "normal"]
[Board "10.1"]
[WhiteTitle "CM"]
[WhiteElo "2180"]
[BlackElo "1863"]
[WhiteTeam "SG Brandenburg / Berlin"]
[BlackTeam "Saarland"]
[PlyCount "69"]
[WhiteFideId "12951595"]
[BlackFideId "16225430"]
[EventCountry "GER"]
[EventRounds "7"]
[EventType "team-swiss"]
[EventDate "2019.10.01"]

1. e4 e6 2. d4 d5 3. Nc3 Bb4 4. e5 c5 5. a3 Bxc3+ 6. bxc3 Qc7 7. Bd2 Ne7 8. Qg4
Nbc6 9. Nf3 O-O 10. Bd3 Ng6 11. h4 f5 12. Qh5 Nce7 13. g4 cxd4 14. cxd4 Bd7 15.
gxf5 exf5 16. Qg5 Rae8 17. h5 Nh8 18. Rg1 Rf7 19. Qg3 f4 20. Qg2 Nf5 21. O-O-O
Ba4 22. Bxf4 Bxc2 23. Bxc2 Rc8 24. Ne1 Qc3 25. Rd3 Qa1+ 26. Kd2 Nxd4 27. Qxd5
Nxc2 28. e6 Re7 29. Be5 Nd4 30. Qxd4 Qa2+ 31. Qb2 Qxe6 32. Rxg7+ Rxg7 33. Bxg7
Re8 34. Re3 Qd7+ 35. Bd4 1-0